Islam ka khandani nizam (Record no. 342411)

000 -LEADER
fixed length control field 00555nam a22001457a 4500
020 ## - INTERNATIONAL STANDARD BOOK NUMBER
International Standard Book Number 9789698535155
082 ## - DEWEY DECIMAL CLASSIFICATION NUMBER
Classification number 297.577
100 ## - MAIN ENTRY--PERSONAL NAME
Personal name Dr. Ahmad Al Asaal
245 ## - TITLE STATEMENT
Title Islam ka khandani nizam
260 ## - PUBLICATION, DISTRIBUTION, ETC.
Place of publication, distribution, etc. Islamabad
Name of publisher, distributor, etc. NUST publishing
Date of publication, distribution, etc. 2015
300 ## - PHYSICAL DESCRIPTION
Extent 452p
942 ## - ADDED ENTRY ELEMENTS (KOHA)
Koha item type Book
Holdings
Withdrawn status Lost status Source of classification or shelving scheme Damaged status Not for loan Collection code Permanent Location Current Location Shelving location Date acquired Total Checkouts Full call number Barcode Date last seen Price effective from Koha item type
            Institute of Environmental Science and Engineering (IESE) Institute of Environmental Science and Engineering (IESE) Fiction 12/27/2017   297.577 ASA IESE-3882 12/27/2017 12/27/2017 Book
            Institute of Environmental Science and Engineering (IESE) Institute of Environmental Science and Engineering (IESE) Fiction 12/27/2017   297.577 ASA IESE-3881 12/27/2017 12/27/2017 Book
© 2023 Central Library, National University of Sciences and Technology. All Rights Reserved.